[Event "XXIII Festival A"]
[Site "Porto San Giorgio ITA"]
[Date "2011.08.25"]
[Round "6"]
[White "Gensabella, Paolo"]
[Black "Mastroddi, Giuseppe"]
[Result "1-0"]
[WhiteElo "1906"]
[BlackElo "1732"]
[PlyCount "148"]
[EventDate "2011.08.21"]

1. d4 Nf6 2. Nf3 g6 3. g3 Bg7 4. Bg2 O-O 5. O-O d6 6. c3 Na6 7. Nbd2 c5 8. e4
Rb8 9. Re1 cxd4 10. Nxd4 Bd7 11. Nc4 b5 12. Ne3 Nc7 13. Nd5 Ncxd5 14. exd5 a6
15. a3 Re8 16. Bg5 h6 17. Bf4 Rc8 18. Bf3 h5 19. Qd2 Rc5 20. Nc6 Bxc6 21. dxc6
d5 22. c7 Qc8 23. Rad1 e6 24. Qe3 Rxc7 25. Bxc7 Qxc7 26. h4 Rd8 27. Qg5 Nh7 28.
Qe3 Nf6 29. Qe2 Rc8 30. a4 Qc4 31. axb5 axb5 32. Ra1 Rb8 33. Qe3 Qc7 34. Ra7
Qd6 35. Rea1 Nd7 36. R1a6 Nb6 37. Be2 b4 38. Qd3 bxc3 39. bxc3 Qc5 40. Ra5 Qxc3
41. Qxc3 Bxc3 42. Rb5 Bd4 43. Ra6 Kg7 44. Bd3 Kf6 45. Kf1 Ke5 46. Ke2 Kf6 47.
Rb4 e5 48. Bb1 Ke6 49. Ba2 Kd6 50. Rb1 Kc5 51. Ra7 Rf8 52. Rc1+ Kd6 53. Bb3 f5
54. Rcc7 Rf6 55. Re7 f4 56. Rf7 Rxf7 57. Rxf7 fxg3 58. fxg3 Ke6 59. Rc7 Kf6 60.
Rc6+ Kg7 61. Rd6 Kf7 62. Bc2 e4 63. Bb3 Be5 64. Rxb6 Bxg3 65. Bxd5+ Kg7 66.
Bxe4 Bxh4 67. Rxg6+ Kf7 68. Rh6 Be7 69. Rxh5 Ba3 70. Kf3 Ke6 71. Bd3 Kf6 72.
Kg4 Bc1 73. Rf5+ Ke7 74. Kh5 Bb2 1-0

[Event "XXIII Festival A"]
[Site "Porto San Giorgio ITA"]
[Date "2011.08.25"]
[Round "6"]
[White "Ghidinelli, Giorgio"]
[Black "De Carlo, Fabio"]
[Result "0-1"]
[WhiteElo "1913"]
[BlackElo "2044"]
[PlyCount "82"]
[EventDate "2011.08.21"]

1. d4 Nf6 2. Nf3 g6 3. Bf4 Bg7 4. e3 d6 5. Bd3 O-O 6. Nbd2 Nbd7 7. h3 Re8 8. e4
e5 9. dxe5 dxe5 10. Be3 b6 11. Qe2 a5 12. Nh2 Bb7 13. O-O-O Qe7 14. Kb1 Nc5 15.
Bxc5 Qxc5 16. Nb3 Qe7 17. Ng4 Nd7 18. a4 c6 19. c3 Red8 20. Rd2 b5 21. axb5 a4
22. Nc1 Nc5 23. Rhd1 cxb5 24. f3 Nb3 25. Nxb3 axb3 26. Kc1 h5 27. Ne3 Bh6 28.
Bb1 Rdc8 29. Rd3 b4 30. Kd2 Ba6 31. Ke1 bxc3 32. bxc3 Bxe3 33. Qxe3 Qh4+ 34.
Qf2 Qxf2+ 35. Kxf2 Bxd3 36. Rxd3 Ra1 37. Rd1 Rxc3 38. Ke2 b2 39. Kd2 Raa3 40.
Bc2 Rc7 41. Rb1 Rb7 0-1

[Event "XXIII Festival A"]
[Site "Porto San Giorgio ITA"]
[Date "2011.08.25"]
[Round "6"]
[White "Iaconi, Andrea"]
[Black "Almadori, Giovanni"]
[Result "0-1"]
[WhiteElo "1832"]
[BlackElo "1660"]
[PlyCount "100"]
[EventDate "2011.08.21"]

1. e4 d6 2. d4 Nf6 3. Nc3 g6 4. Nf3 Bg7 5. Be2 O-O 6. O-O Bg4 7. Bg5 c6 8. Qd2
b5 9. a3 Qc7 10. Bh6 e5 11. Bxg7 Kxg7 12. h3 Bxf3 13. Bxf3 Nbd7 14. Rad1 Rfd8
15. Rfe1 exd4 16. Qxd4 Ne5 17. Be2 g5 18. Qe3 h6 19. f4 gxf4 20. Qxf4 Qe7 21.
Rf1 a6 22. Rf2 Rf8 23. Rdf1 Nh7 24. Bh5 Qg5 25. Qxg5+ Nxg5 26. Rd1 Rad8 27. b3
Rfe8 28. h4 Ne6 29. Rfd2 Nf4 30. Bf3 Nxf3+ 31. gxf3 Re6 32. Ne2 Nxe2+ 33. Rxe2
f5 34. Rg2+ Rg6 35. exf5 Rxg2+ 36. Kxg2 Kf6 37. Re1 Kxf5 38. Re7 a5 39. Ra7 d5
40. Rxa5 d4 41. a4 Rd5 42. axb5 cxb5 43. c4 dxc3 44. Ra1 Kf4 45. Re1 Rd2+ 46.
Kh3 Kxf3 47. Re6 b4 48. Rxh6 Rb2 49. Rf6+ Ke2 50. Re6+ Kd2 0-1

[Event "XXIII Festival A"]
[Site "Porto San Giorgio ITA"]
[Date "2011.08.25"]
[Round "6"]
[White "Liguori, Renato"]
[Black "Marcugini, Stefano"]
[Result "1-0"]
[WhiteElo "2100"]
[BlackElo "1824"]
[PlyCount "71"]
[EventDate "2011.08.21"]

1. d4 Nf6 2. c4 g6 3. Nc3 Bg7 4. e4 d6 5. Nf3 O-O 6. Be2 e5 7. d5 a5 8. a3 Nbd7
9. b3 Nc5 10. Nd2 Ne8 11. Rb1 f5 12. b4 axb4 13. axb4 Nxe4 14. Ndxe4 fxe4 15.
Nxe4 Bf5 16. Bd3 Nf6 17. Nxf6+ Qxf6 18. O-O Bxd3 19. Qxd3 Qf5 20. Qb3 b6 21.
Be3 Ra6 22. c5 Rfa8 23. cxb6 cxb6 24. b5 Ra3 25. Qb4 e4 26. Qxd6 Be5 27. Qxb6
Rb8 28. Qc5 Rc3 29. Qa7 Rd3 30. b6 Rxd5 31. Rfc1 Rd7 32. Qa4 Rdb7 33. Rb5 Qd7
34. Qc4+ Kg7 35. Rxe5 Rd8 36. Rxe4 1-0

[Event "XXIII Festival A"]
[Site "Porto San Giorgio ITA"]
[Date "2011.08.25"]
[Round "6"]
[White "Luzi, Alessandro"]
[Black "Mantovani, Enrico"]
[Result "1-0"]
[WhiteElo "1920"]
[BlackElo "1758"]
[PlyCount "77"]
[EventDate "2011.08.21"]

1. e4 c6 2. d4 d5 3. e5 Bf5 4. h4 Qb6 5. g4 Bd7 6. Bd3 e6 7. Nf3 c5 8. c3 Nc6
9. dxc5 Bxc5 10. O-O Nh6 11. b4 Be7 12. b5 Na5 13. g5 Ng8 14. Be3 Bc5 15. Nd4
g6 16. Nd2 Ne7 17. N2b3 Nxb3 18. axb3 Nf5 19. Bxf5 gxf5 20. b4 Bxd4 21. Bxd4
Qxb5 22. Ra5 Qc4 23. Qh5 Bb5 24. Rfa1 a6 25. Qh6 Kd7 26. Qh5 Ke7 27. Bc5+ Ke8
28. g6 fxg6 29. Qg5 Kd7 30. Qe7+ Kc8 31. Qxe6+ Bd7 32. Qf6 Re8 33. Bd4 Qe2 34.
Rc5+ Bc6 35. Rxc6+ bxc6 36. Qxc6+ Kd8 37. Bb6+ Ke7 38. Qf6+ Kd7 39. Qd6+ 1-0

[Event "XXIII Festival A"]
[Site "Porto San Giorgio ITA"]
[Date "2011.08.25"]
[Round "6"]
[White "Maddaloni, Giovanni"]
[Black "Martorelli, Angelo"]
[Result "1/2-1/2"]
[WhiteElo "1801"]
[BlackElo "1812"]
[PlyCount "89"]
[EventDate "2011.08.21"]

1. e4 e6 2. d4 d5 3. Nc3 dxe4 4. Nxe4 Nc6 5. Nf3 h6 6. Be2 Nge7 7. O-O b6 8. c4
Bb7 9. Nc3 Nf5 10. d5 exd5 11. cxd5 Nb4 12. Re1 Be7 13. Bc4 O-O 14. Bf4 Bd6 15.
Bxd6 Nxd6 16. Bb3 Na6 17. a3 Qf6 18. Qd4 Qxd4 19. Nxd4 Nc5 20. Bc2 Rfe8 21. b4
Nd7 22. Ba4 Rxe1+ 23. Rxe1 Nf6 24. Bc6 Rd8 25. Bxb7 Nxb7 26. Nc6 Rd6 27. b5
Nxd5 28. Nxd5 Na5 29. Ndb4 Nc4 30. a4 Nb2 31. g3 Nxa4 32. Ra1 Nc3 33. Nxa7 Rd2
34. Ra3 Ne4 35. Nd3 Ng5 36. Nc6 Nf3+ 37. Kg2 Rxd3 38. Ra7 Nd4 39. Rxc7 Nxb5 40.
Rc8+ Kh7 41. Rb8 Rd6 42. Ne5 f6 43. Nc4 Rd4 44. Rxb6 Rxc4 45. Rxb5 1/2-1/2

[Event "XXIII Festival A"]
[Site "Porto San Giorgio ITA"]
[Date "2011.08.25"]
[Round "6"]
[White "Maksimovic, Miodrag"]
[Black "Giampieri, Stefano"]
[Result "1-0"]
[WhiteElo "2068"]
[BlackElo "1847"]
[PlyCount "85"]
[EventDate "2011.08.21"]

1. e4 c6 2. Nc3 d5 3. Nf3 Bg4 4. h3 Bxf3 5. Qxf3 e6 6. Be2 Nd7 7. d4 Qb6 8.
exd5 cxd5 9. O-O a6 10. Rd1 Ne7 11. Bf4 g6 12. g4 Bg7 13. Qe3 O-O 14. Rd3 Rac8
15. Qd2 Rc4 16. Rd1 Nc6 17. Be3 Nb4 18. b3 Rcc8 19. Na4 Qd6 20. Bf4 Qe7 21. Rc3
Nxa2 22. Rxc8 Rxc8 23. c3 b5 24. Nc5 Nxc5 25. Qxa2 Ne4 26. Qxa6 Rxc3 27. Qxb5
Qh4 28. Rf1 Bxd4 29. Qb8+ Kg7 30. Be5+ Bxe5 31. Qxe5+ f6 32. Qxe6 f5 33. Qxd5
Rxh3 34. Qe5+ Kh6 35. Kg2 Ng5 36. Qf4 Kg7 37. Rd1 Ne6 38. Qe5+ Kh6 39. b4 Kg5
40. Rg1 Nf4+ 41. Kf1 Nxe2 42. Kxe2 Ra3 43. Qe7+ 1-0

[Event "XXIII Festival A"]
[Site "Porto San Giorgio ITA"]
[Date "2011.08.25"]
[Round "6"]
[White "Malloni, Marcello"]
[Black "Pascucci, Marco"]
[Result "1/2-1/2"]
[WhiteElo "2293"]
[BlackElo "2091"]
[PlyCount "26"]
[EventDate "2011.08.21"]

1. e4 e6 2. d4 d5 3. Nc3 Bb4 4. exd5 exd5 5. Bd3 Ne7 6. Qh5 Nd7 7. Bg5 c5 8.
Nf3 c4 9. Bf5 g6 10. Bxd7+ Qxd7 11. Qh4 Nf5 12. Qf4 O-O 13. Qc1 Re8+ 1/2-1/2

[Event "XXIII Festival A"]
[Site "Porto San Giorgio ITA"]
[Date "2011.08.25"]
[Round "6"]
[White "Maltempi, Angelo"]
[Black "Antonelli, Alessandro"]
[Result "1/2-1/2"]
[WhiteElo "1847"]
[BlackElo "1971"]
[PlyCount "80"]
[EventDate "2011.08.21"]

1. c4 Nf6 2. g3 g6 3. Bg2 Bg7 4. Nc3 c6 5. e4 e5 6. d3 O-O 7. Nf3 d6 8. O-O Be6
9. Re1 Qc8 10. b3 Bh3 11. Bb2 Bxg2 12. Kxg2 Nbd7 13. Rc1 Nh5 14. Ba3 Qc7 15. b4
Rad8 16. Bb2 f5 17. Ng5 Rde8 18. Qb3 c5 19. exf5 Rxf5 20. Nge4 Bf8 21. Nd5 Qc8
22. Ne3 Rf7 23. a3 b6 24. Qd1 Qd8 25. Rc2 Be7 26. Nd5 Ref8 27. Bc1 Kg7 28. Be3
h6 29. Qd2 Rh8 30. Rf1 Nf8 31. Qd1 Ne6 32. Qg4 Nf8 33. f4 Nf6 34. Nexf6 Bxf6
35. fxe5 Bxe5 36. Rxf7+ Kxf7 37. Rf2+ Kg7 38. d4 cxd4 39. Bxd4 Qe8 40. Re2 Nd7
1/2-1/2

[Event "XXIII Festival A"]
[Site "Porto San Giorgio ITA"]
[Date "2011.08.25"]
[Round "6"]
[White "Mandolini, Riccardo"]
[Black "Bentivegna, Francesco"]
[Result "1/2-1/2"]
[WhiteElo "2119"]
[BlackElo "2330"]
[PlyCount "69"]
[EventDate "2011.08.21"]

1. Nc3 d5 2. e4 e6 3. d4 Nc6 4. Nf3 Nf6 5. e5 Ne4 6. Bd3 Bb4 7. Bd2 Nxd2 8.
Qxd2 f6 9. O-O fxe5 10. Nxe5 Nxe5 11. dxe5 O-O 12. Qe3 Be7 13. Ne2 Bd7 14. c4
c5 15. f4 d4 16. Qf3 g6 17. g4 Qc7 18. Rf2 Rf7 19. Raf1 Rg7 20. Ng3 Bc6 21. g5
Qd7 22. Qg4 Rd8 23. h4 Rf8 24. h5 Rf5 25. Nxf5 gxf5 26. Qg3 Qd8 27. Rh2 Bxg5
28. Kf2 Bh6 29. Qh4 Qa5 30. Ke2 Qb6 31. Kd1 Rg4 32. Qf6 Ba4+ 33. b3 Bg7 34. Qe7
Bf8 35. Qf6 1/2-1/2

[Event "XXIII Festival A"]
[Site "Porto San Giorgio ITA"]
[Date "2011.08.25"]
[Round "6"]
[White "Marigo, Narciso"]
[Black "Lapenna, Antonio"]
[Result "1/2-1/2"]
[WhiteElo "1989"]
[BlackElo "2150"]
[PlyCount "83"]
[EventDate "2011.08.21"]

1. d4 Nf6 2. h3 g6 3. Bf4 Bg7 4. e3 O-O 5. Nf3 d6 6. c3 Nbd7 7. Nbd2 b6 8. Bc4
Bb7 9. O-O Qe8 10. a4 e5 11. Bh2 Qe7 12. a5 e4 13. Ne1 c5 14. axb6 axb6 15. Nc2
d5 16. Be2 Rxa1 17. Qxa1 Ra8 18. Qb1 Ne8 19. b3 Ba6 20. Bxa6 Rxa6 21. Qb2 Qd8
22. Ra1 Qa8 23. Rxa6 Qxa6 24. Nf1 Bf8 25. b4 cxb4 26. Nxb4 Qb5 27. Qa3 Bxb4 28.
Qxb4 Qxb4 29. cxb4 Kf8 30. Nd2 Ke7 31. Nb1 Ke6 32. Nc3 Nd6 33. Bxd6 Kxd6 34. b5
Nf8 35. g4 g5 36. Kg2 Ne6 37. Kg3 Ng7 38. Na4 Kc7 39. Nc3 Kd6 40. Na4 Kc7 41.
Nc3 Kd6 42. Na4 1/2-1/2

[Event "XXIII Festival A"]
[Site "Porto San Giorgio ITA"]
[Date "2011.08.25"]
[Round "6"]
[White "Marsili, Riccardo"]
[Black "Papa, Angelo"]
[Result "1-0"]
[WhiteElo "1962"]
[BlackElo "1848"]
[PlyCount "60"]
[EventDate "2011.08.21"]

1. e4 g6 2. d4 Bg7 3. g3 d6 4. Bg2 Nf6 5. Ne2 O-O 6. O-O e5 7. Nbc3 Nc6 8. d5
Ne7 9. f4 exf4 10. gxf4 c6 11. dxc6 bxc6 12. Kh1 Ba6 13. Be3 Qc7 14. Re1 Rab8
15. Rb1 Rfd8 16. Nd4 d5 17. e5 Ne4 18. Nxe4 dxe4 19. Qc1 Nf5 20. Nb3 Bh6 21.
Nc5 Bb7 22. Bxe4 Nxe3 23. Qxe3 Re8 24. Qf3 Qe7 25. Nxb7 Rxb7 26. Bxc6 Rb4 27.
Bxe8 Rxf4 28. Qa8 Kg7 29. Rf1 Qxe5 30. Rxf4 Qxf4 1-0

[Event "XXIII Festival A"]
[Site "Porto San Giorgio ITA"]
[Date "2011.08.25"]
[Round "6"]
[White "Mastroddi, Emiliano"]
[Black "Varvaglione, Antonio"]
[Result "1-0"]
[WhiteElo "2083"]
[BlackElo "1936"]
[PlyCount "81"]
[EventDate "2011.08.21"]

1. Nf3 Nf6 2. c4 c5 3. Nc3 g6 4. g3 Bg7 5. Bg2 O-O 6. O-O d6 7. d4 Nc6 8. h3 a6
9. dxc5 dxc5 10. Be3 Qa5 11. Qa4 Be6 12. Rac1 Nd7 13. Qxa5 Nxa5 14. b3 h6 15.
Rfd1 Rac8 16. Nd5 Nc6 17. Nf4 Rfd8 18. Nxe6 fxe6 19. h4 e5 20. Bh3 Nd4 21. Bxd4
exd4 22. Be6+ Kf8 23. e3 Rc6 24. Bd5 Rd6 25. exd4 cxd4 26. Nxd4 Bxd4 27. Rxd4
Ne5 28. Re4 Nd3 29. Rc3 Nc5 30. Rf4+ Ke8 31. b4 Ne6 32. Bxe6 Rxe6 33. Rc2 Rd1+
34. Kg2 Rb1 35. a3 Ree1 36. Rc3 e5 37. Rf6 e4 38. Re3 Rg1+ 39. Kh3 h5 40. Rxe4+
Kd8 41. Rxg6 1-0

[Event "XXIII Festival A"]
[Site "Porto San Giorgio ITA"]
[Date "2011.08.25"]
[Round "6"]
[White "Mazzarini, Daniele"]
[Black "Paganini, Andrea"]
[Result "0-1"]
[WhiteElo "1813"]
[BlackElo "1852"]
[PlyCount "86"]
[EventDate "2011.08.21"]

1. d4 d5 2. c4 c6 3. Nc3 Nf6 4. Nf3 a6 5. e3 b5 6. cxd5 cxd5 7. Bd3 Bb7 8. O-O
e6 9. Bd2 Bd6 10. Rc1 Nc6 11. Qc2 Qb6 12. h3 O-O 13. Nh2 e5 14. dxe5 Nxe5 15.
Bf5 Nc4 16. b3 Nxd2 17. Qxd2 Rfd8 18. Ne2 g6 19. Ng4 Be7 20. Bb1 Nxg4 21. hxg4
Ba3 22. Rcd1 Bc8 23. g5 Be7 24. f4 Bg4 25. Rde1 a5 26. Nd4 Bb4 27. Qf2 Bxe1 28.
Rxe1 Re8 29. Bd3 Bd7 30. Qf3 a4 31. b4 Qd6 32. a3 Rec8 33. Bxb5 Bxb5 34. Nxb5
Qd7 35. Nd4 Rc3 36. f5 Re8 37. f6 Re4 38. b5 Rxd4 39. Qf2 Re4 40. Qb2 Rb3 41.
Qc2 Rc4 42. Qe2 Qxb5 43. Qf2 Rb1 0-1

[Event "XXIII Festival A"]
[Site "Porto San Giorgio ITA"]
[Date "2011.08.25"]
[Round "6"]
[White "Molina, Fabrizio"]
[Black "Bruno, Fabio"]
[Result "1/2-1/2"]
[WhiteElo "2256"]
[BlackElo "2466"]
[PlyCount "51"]
[EventDate "2011.08.21"]

1. Nf3 Nf6 2. c4 e6 3. g3 a6 4. Bg2 b5 5. b3 Bb7 6. Bb2 c5 7. O-O Be7 8. d3 Qb6
9. Nbd2 Nc6 10. e3 O-O 11. Qe2 a5 12. Rab1 Rab8 13. Rfd1 Ba6 14. Ne5 Nxe5 15.
Bxe5 d6 16. Ba1 Qc7 17. Ne4 Ne8 18. Qc2 a4 19. bxa4 bxc4 20. dxc4 Rb4 21. Nd2
Bf6 22. Rxb4 cxb4 23. Qb3 Be7 24. Rb1 Nf6 25. Qxb4 Nd7 26. Nb3 1/2-1/2

[Event "XXIII Festival A"]
[Site "Porto San Giorgio ITA"]
[Date "2011.08.25"]
[Round "6"]
[White "Movileanu, Daniela"]
[Black "Giancotti, Eraldo"]
[Result "1/2-1/2"]
[WhiteElo "1931"]
[BlackElo "2070"]
[PlyCount "125"]
[EventDate "2011.08.21"]

1. e4 e6 2. d3 c5 3. Nf3 Nc6 4. g3 g6 5. Bg2 Bg7 6. O-O Nge7 7. Re1 d6 8. c3
O-O 9. h4 b5 10. h5 Rb8 11. Nh2 d5 12. Nd2 b4 13. c4 dxc4 14. Nxc4 Ba6 15. hxg6
Nxg6 16. Ng4 Bxc4 17. dxc4 Qxd1 18. Rxd1 Rfd8 19. Nh6+ Kf8 20. Be3 Ke8 21. Rab1
Bd4 22. Ng4 Ke7 23. Kf1 h5 24. Bxd4 cxd4 25. Nh2 b3 26. axb3 Rxb3 27. Nf3 Nge5
28. Nd2 Rb4 29. b3 Rh8 30. Nf3 Nxf3 31. Bxf3 e5 32. Ke2 Rhb8 33. Rd3 a5 34. Kd2
Rxc4 35. Bxh5 Rc5 36. Ra1 Nb4 37. Rf3 f6 38. g4 Rf8 39. Bg6 d3 40. Rh3 Kd6 41.
Bf5 Rc2+ 42. Kd1 Ra8 43. Rxd3+ Nxd3 44. Kxc2 Nxf2 45. Rf1 Nh3 46. Rd1+ Kc6 47.
Rh1 Ng5 48. Rh6 Rf8 49. Kc3 Kc5 50. Rh1 Rd8 51. Ra1 Kb5 52. Rh1 Rd4 53. Re1 Nf7
54. Be6 Nd6 55. Bd5 Kb6 56. Rf1 Nxe4+ 57. Bxe4 Rxe4 58. Rxf6+ Kc5 59. g5 Re3+
60. Kc2 Rg3 61. g6 Kd4 62. Re6 Ke4 63. Ra6 1/2-1/2

[Event "XXIII Festival A"]
[Site "Porto San Giorgio ITA"]
[Date "2011.08.25"]
[Round "6"]
[White "Naumkin, Igor"]
[Black "Mogranzini, Roberto"]
[Result "1/2-1/2"]
[WhiteElo "2486"]
[BlackElo "2433"]
[PlyCount "32"]
[EventDate "2011.08.21"]

1. d4 Nf6 2. c4 g6 3. Nc3 d5 4. Nf3 Bg7 5. cxd5 Nxd5 6. Bd2 Nb6 7. e3 O-O 8.
Be2 Nc6 9. O-O e5 10. dxe5 Nxe5 11. Nxe5 Bxe5 12. f4 Bg7 13. Qc2 c6 14. Rad1
Qe7 15. e4 Bd4+ 16. Kh1 f5 1/2-1/2

[Event "XXIII Festival A"]
[Site "Porto San Giorgio ITA"]
[Date "2011.08.25"]
[Round "6"]
[White "Ottaviani, Gianluca"]
[Black "Cristiani, Cesare"]
[Result "0-1"]
[WhiteElo "1949"]
[BlackElo "2158"]
[PlyCount "68"]
[EventDate "2011.08.21"]

1. e4 e6 2. d4 d5 3. Nd2 c5 4. Ngf3 Nf6 5. exd5 exd5 6. Bb5+ Bd7 7. Qe2+ Be7 8.
dxc5 O-O 9. Bxd7 Nbxd7 10. O-O Nxc5 11. Nd4 Re8 12. Qf3 Qd7 13. Nf5 Bd8 14. Nb3
Nce4 15. Nbd4 g6 16. Nh6+ Kg7 17. g4 Rc8 18. c3 Bb6 19. g5 Nh5 20. Be3 Re5 21.
h4 f5 22. a4 Rf8 23. Qh3 Re7 24. a5 Bc7 25. Nf3 Rfe8 26. Bd4+ Kf8 27. Nh2 Nf4
28. Qe3 Qd6 29. Nf3 Nxf2 30. Be5 Rxe5 31. Nxe5 Rxe5 32. Qxa7 N4h3+ 33. Kg2 Re2
34. Rxf2 Qg3+ 0-1

[Event "XXIII Festival A"]
[Site "Porto San Giorgio ITA"]
[Date "2011.08.25"]
[Round "6"]
[White "Palit, Somak"]
[Black "Gilevych, Artem"]
[Result "1-0"]
[WhiteElo "2372"]
[BlackElo "2264"]
[PlyCount "151"]
[EventDate "2011.08.21"]

1. d4 d5 2. Nf3 Nf6 3. b3 c5 4. e3 Nc6 5. Bb2 e6 6. Bd3 Bd6 7. a3 Qc7 8. Nbd2
O-O 9. c4 cxd4 10. exd4 Rd8 11. c5 Bf4 12. O-O e5 13. dxe5 Nxe5 14. Nxe5 Bxe5
15. Bxe5 Qxe5 16. b4 Bg4 17. Qc2 Re8 18. Nb3 Re7 19. Qd2 Qc7 20. Rfe1 Rae8 21.
f3 Bc8 22. Nd4 Rxe1+ 23. Rxe1 Rxe1+ 24. Qxe1 Qf4 25. Nc2 Bf5 26. Bxf5 Qxf5 27.
Qd2 h5 28. Nd4 Qb1+ 29. Kf2 Qa1 30. Qe3 h4 31. Ne2 Qb2 32. Qc3 Qb1 33. Qe5 Qc2
34. Qb8+ Kh7 35. Qf4 h3 36. g4 Kg8 37. Qe5 Kh7 38. Qf4 Ne4+ 39. fxe4 d4 40.
Qf5+ Kg8 41. Qc8+ Kh7 42. Qf5+ Kg8 43. e5 d3 44. Qe4 Qb3 45. Qe3 Qc2 46. e6
fxe6 47. Qxe6+ Kh8 48. Qe8+ Kh7 49. Qe4+ Kh8 50. g5 g6 51. Qe8+ Kg7 52. Qd7+
Kg8 53. Qc8+ Kg7 54. Qxb7+ Kg8 55. Qb8+ Kg7 56. Qxa7+ Kh8 57. Qb8+ Kh7 58. Qb7+
Kh8 59. Qe4 Qd2 60. Qe3 Qd1 61. Qxh3+ Kg8 62. Qe6+ Kg7 63. Qf6+ Kh7 64. Qf7+
Kh8 65. Qf8+ Kh7 66. Qh6+ Kg8 67. Qxg6+ Kf8 68. Qf6+ Kg8 69. Qd8+ Kf7 70. g6+
Kg7 71. Qd4+ Kh6 72. Qe3+ Kg7 73. Qd4+ Kh6 74. Nc3 Qd2+ 75. Kf3 Kxg6 76. Ke4
1-0

[Event "XXIII Festival A"]
[Site "Porto San Giorgio ITA"]
[Date "2011.08.25"]
[Round "6"]
[White "Panada, Valter"]
[Black "Sbraccia, Giovanni"]
[Result "0-1"]
[WhiteElo "1902"]
[BlackElo "2017"]
[PlyCount "120"]
[EventDate "2011.08.21"]

1. e4 c6 2. d4 d5 3. exd5 cxd5 4. c4 Nf6 5. Nc3 g6 6. cxd5 Bg7 7. Bb5+ Nbd7 8.
d6 O-O 9. dxe7 Qxe7+ 10. Nge2 a6 11. Bd3 b5 12. O-O Nb6 13. Bg5 Bb7 14. Re1 Qd7
15. Bxf6 Bxf6 16. Be4 Rad8 17. Bxb7 Qxb7 18. Qd3 Bg7 19. Rad1 Nc4 20. Qb1 Rfe8
21. b3 Na3 22. Qc1 b4 23. Na4 Qb5 24. Qd2 a5 25. d5 Rd6 26. Nf4 Red8 27. Qd3
Bh6 28. g3 Bxf4 29. gxf4 Qxd3 30. Rxd3 Rxd5 31. Re8+ Rxe8 32. Rxd5 Re2 33. Rxa5
Rxa2 34. Ra8+ Kg7 35. Rb8 Nc2 36. Nc5 Rb2 37. Rb6 h5 38. Kg2 Ne3+ 39. Kf3 Ng4
40. h3 Nxf2 41. h4 Nh1 42. Rxb4 Rf2+ 43. Ke3 Rh2 44. f5 Rh3+ 45. Kd2 gxf5 46.
Rf4 Kf6 47. b4 Ke5 48. Rc4 Nf2 49. b5 Ne4+ 50. Nxe4 fxe4 51. Rc5+ Kf4 52. b6
Rb3 53. Rc7 f5 54. b7 Kg4 55. Re7 Kf3 56. Kc2 Rb5 57. Kd2 f4 58. Kc3 e3 59. Kc4
Rb1 60. Re5 Rxb7 0-1

[Event "XXIII Festival A"]
[Site "Porto San Giorgio ITA"]
[Date "2011.08.25"]
[Round "6"]
[White "Paniga, Danilo"]
[Black "Bighiu, Gheorghe"]
[Result "0-1"]
[WhiteElo "1858"]
[BlackElo "2062"]
[PlyCount "110"]
[EventDate "2011.08.21"]

1. d4 Nf6 2. Nf3 e6 3. e3 b6 4. Bd3 Bb7 5. Nbd2 d5 6. O-O Nbd7 7. c3 Bd6 8. Qe2
Ne4 9. Ne1 O-O 10. f3 Nxd2 11. Bxd2 f5 12. f4 c5 13. Nf3 c4 14. Bc2 Bc8 15. Be1
Be7 16. Ne5 Nxe5 17. fxe5 Bg5 18. Bg3 Bh6 19. Bf4 g5 20. Qh5 Kg7 21. Bg3 Qe8
22. Qxe8 Rxe8 23. Ba4 Re7 24. Rae1 b5 25. Bc2 Rb7 26. h4 g4 27. Bf4 b4 28. Rb1
Rab8 29. Kf2 Rb6 30. a4 b3 31. Bd1 Ra6 32. Ra1 Ra5 33. Be2 Bd7 34. Ra3 Rb6 35.
Rfa1 Rba6 36. g3 Kg6 37. Bxh6 Kxh6 38. Bf1 Kg7 39. Ke1 Be8 40. Kd2 Kf8 41. Bg2
Kg7 42. Ke2 Kg6 43. Ke1 Kh5 44. Kd2 Kh6 45. Ke2 Rxa4 46. Rxa4 Rxa4 47. Rxa4
Bxa4 48. Kd2 Be8 49. Kd1 a5 50. Kd2 a4 51. Kc1 Bg6 52. Bf1 f4 53. exf4 Bd3 54.
Bg2 Kg6 55. Bh1 Be4 0-1

[Event "XXIII Festival A"]
[Site "Porto San Giorgio ITA"]
[Date "2011.08.25"]
[Round "6"]
[White "Panjkovic, Aleksandar"]
[Black "Albertini, Luca"]
[Result "1/2-1/2"]
[WhiteElo "2173"]
[BlackElo "1986"]
[PlyCount "120"]
[EventDate "2011.08.21"]

1. c4 Nf6 2. g3 g6 3. Bg2 Bg7 4. Nc3 d6 5. e4 O-O 6. Nge2 c5 7. O-O Nc6 8. d3
a6 9. h3 Rb8 10. f4 Ne8 11. a4 Nc7 12. f5 Nd4 13. Nxd4 Bxd4+ 14. Kh2 Kg7 15.
Ne2 Be5 16. d4 cxd4 17. Nxd4 e6 18. Be3 h6 19. Qf3 Qf6 20. Qd1 exf5 21. Qd2 g5
22. Nxf5+ Kh7 23. Rad1 Bxf5 24. Rxf5 Qg6 25. Bd4 f6 26. Bxe5 dxe5 27. Qd7+ Qg7
28. Rf2 Rf7 29. Qf5+ Qg6 30. Rfd2 Rbf8 31. Bf3 Kg7 32. b4 Re7 33. Bg4 Qf7 34.
Rd7 Rfe8 35. R1d6 h5 36. Rxe7 Rxe7 37. Be2 Ne6 38. Qf1 Nd4 39. a5 Rd7 40. Rxd7
Qxd7 41. Bxh5 Qa4 42. Qb1 Qa3 43. c5 Kh6 44. Bg4 Qe3 45. Kg2 Qd2+ 46. Kg1 Nc2
47. Qf1 Kg7 48. Qf5 Qe1+ 49. Kh2 Ne3 50. Qf3 Nxg4+ 51. Qxg4 Qd2+ 52. Kh1 Qxb4
53. Qd7+ Kh6 54. Qf5 Qe1+ 55. Kg2 Qe2+ 56. Kg1 Qd1+ 57. Kg2 Kg7 58. h4 g4 59.
h5 Qd2+ 60. Kg1 Qe1+ 1/2-1/2

[Event "XXIII Festival A"]
[Site "Porto San Giorgio ITA"]
[Date "2011.08.25"]
[Round "6"]
[White "Piantieri, Guido"]
[Black "Mazzarella, Antonio"]
[Result "0-1"]
[WhiteElo "1853"]
[BlackElo "2028"]
[PlyCount "112"]
[EventDate "2011.08.21"]

1. e4 e6 2. Nf3 d5 3. Nc3 dxe4 4. Nxe4 Nd7 5. d4 Ngf6 6. Nxf6+ Nxf6 7. Bd3 Be7
8. O-O O-O 9. Re1 b6 10. Bf4 Bb7 11. c3 c5 12. Qe2 cxd4 13. Nxd4 Qd5 14. Nf3
Rfd8 15. Rad1 Qh5 16. Qc2 Bxf3 17. gxf3 Qxf3 18. Bg3 Rac8 19. Bf1 Rxd1 20. Rxd1
Rd8 21. Rxd8+ Bxd8 22. Qa4 Qb7 23. Bg2 Qd7 24. Bc6 Qe7 25. Qd4 Bc7 26. Bh4 Qd6
27. Qxd6 Bxd6 28. Bxf6 gxf6 29. h3 h5 30. c4 Be5 31. b3 Kg7 32. Kg2 f5 33. Kf3
Bd4 34. Kg3 Kf6 35. Be8 Ke7 36. Bc6 Kd6 37. Be8 f6 38. a4 e5 39. Bxh5 e4 40.
Bd1 Ke5 41. f4+ Kd6 42. Kh4 Be3 43. Kg3 Kc5 44. h4 Kd4 45. Bh5 Bd2 46. Bf7 Be1+
47. Kg2 Bxh4 48. Kf1 Ke3 49. Bh5 Kxf4 50. Ke2 Ke5 51. Bf7 f4 52. Bd5 f5 53. Bf7
Bg3 54. Bh5 Kd4 55. Kd2 f3 56. Bf7 e3+ 0-1

[Event "XXIII Festival A"]
[Site "Porto San Giorgio ITA"]
[Date "2011.08.25"]
[Round "6"]
[White "Pierantozzi, Stanislao"]
[Black "Pienabarca, Nicola"]
[Result "1/2-1/2"]
[WhiteElo "1971"]
[BlackElo "2110"]
[PlyCount "64"]
[EventDate "2011.08.21"]

1. d4 Nf6 2. c4 g6 3. Nc3 d5 4. cxd5 Nxd5 5. e4 Nxc3 6. bxc3 Bg7 7. Bc4 c5 8.
Be3 O-O 9. Ne2 Nc6 10. O-O Na5 11. Bd3 b6 12. Qd2 e5 13. dxc5 Be6 14. Rfd1 Qc7
15. cxb6 axb6 16. c4 Nxc4 17. Bxc4 Qxc4 18. Nc3 Rfc8 19. Nd5 Bxd5 20. exd5 Qc2
21. Qxc2 Rxc2 22. Bxb6 e4 23. Rab1 Bf6 24. a4 Rxa4 25. Be3 Ra8 26. g3 Be5 27.
h4 Bd6 28. Rb6 Rd8 29. Bg5 Rd7 30. Rc6 Ra2 31. Bf6 Ra8 32. Kg2 Be7 1/2-1/2

[Event "XXIII Festival A"]
[Site "Porto San Giorgio ITA"]
[Date "2011.08.25"]
[Round "6"]
[White "Plances, Giuseppe"]
[Black "D'Aquino, Ugo"]
[Result "1-0"]
[WhiteElo "1734"]
[BlackElo "1925"]
[PlyCount "55"]
[EventDate "2011.08.21"]

1. d4 Nf6 2. c4 c5 3. d5 b5 4. cxb5 a6 5. b6 e6 6. Nc3 Nxd5 7. Nxd5 exd5 8. e4
d4 9. Qb3 Bb7 10. Bc4 Qf6 11. Nf3 h6 12. O-O Be7 13. Bd5 Nc6 14. e5 Qg6 15. Bd2
O-O 16. Rfe1 Rab8 17. a4 Rfe8 18. a5 d6 19. exd6 Bxd6 20. Rxe8+ Rxe8 21. Qa4
Bb8 22. Rc1 Bd6 23. h3 Re2 24. Qc4 Re7 25. b4 Ne5 26. Nxe5 Bxd5 27. Nxg6 Bxc4
28. Nxe7+ 1-0

[Event "XXIII Festival A"]
[Site "Porto San Giorgio ITA"]
[Date "2011.08.25"]
[Round "6"]
[White "Prohaszka, Peter"]
[Black "Romanishin, Oleg M."]
[Result "1/2-1/2"]
[WhiteElo "2547"]
[BlackElo "2526"]
[PlyCount "46"]
[EventDate "2011.08.21"]

1. d4 Nf6 2. c4 e6 3. Nf3 b6 4. g3 Ba6 5. Qa4 Be7 6. Bg2 O-O 7. Nc3 c6 8. Bf4
d6 9. O-O b5 10. cxb5 cxb5 11. Qb3 Qb6 12. d5 e5 13. Nxe5 dxe5 14. Bxe5 Nbd7
15. d6 Bxd6 16. Bxd6 Qxd6 17. Bxa8 Rxa8 18. Nxb5 Qe5 19. Nc3 Nc5 20. Qa3 Bb7
21. Qa5 h5 22. b4 Qxc3 23. Qxc5 Qxc5 1/2-1/2